[Event "Landesklasse Ost 2012/2013"]
[Site "?"]
[Date "2013.04.21"]
[Round "9"]
[White "Stieber, Mike"]
[Black "Hilbig, Dieter"]
[Result "0-1"]
[WhiteElo "1520"]
[BlackElo "1858"]
[PlyCount "48"]
[EventDate "2013.??.??"]
[WhiteTeam "TSV Zeulenroda"]
[BlackTeam "ESV Gera"]

1. e4 c5 2. Nc3 g6 3. d3 Nc6 4. Be3 d6 5. f4 Bg7 6. Nf3 Nh6 7. Qd2 Qb6 8. Rb1
Ng4 9. Nd5 Qd8 10. h3 Nxe3 11. Nxe3 O-O 12. g3 e6 13. c3 f5 14. Bg2 e5 15. fxe5
fxe4 16. dxe4 Nxe5 17. Ke2 Bd7 18. b3 Bc6 19. Nd5 b5 20. Rhf1 Qd7 21. Rf2 Rae8
22. Qc2 Nxf3 23. Rxf3 Bxd5 24. Rxf8+ Bxf8 0-1

[Event "Landesklasse Ost 2012/2013"]
[Site "?"]
[Date "2013.04.21"]
[Round "9"]
[White "Steinmüller, Johannes"]
[Black "Wolf, Florian"]
[Result "1-0"]
[WhiteElo "1761"]
[BlackElo "1437"]
[PlyCount "93"]
[EventDate "2013.??.??"]
[WhiteTeam "ESV Gera"]
[BlackTeam "TSV Zeulenroda"]

1. e4 c5 2. Nf3 Nc6 3. d4 cxd4 4. Nxd4 Nf6 5. Nc3 d6 6. Be2 g6 7. O-O Bg7 8.
Be3 O-O 9. h3 a6 10. Qd2 Bd7 11. a4 Nxd4 12. Bxd4 Bc6 13. Qe3 Nd7 14. Bxg7 Kxg7
15. Nd5 Nc5 16. b3 Rc8 17. Rad1 Bxd5 18. Rxd5 Rc7 19. e5 Rc6 20. Rfd1 Qc7 21.
exd6 exd6 22. Qd4+ Kg8 23. Rxd6 b6 24. Bf3 Rxd6 25. Qxd6 Qxd6 26. Rxd6 Rb8 27.
Kf1 Kf8 28. Ke2 Ke7 29. Rd4 f6 30. Rh4 h5 31. Rd4 a5 32. h4 Rc8 33. Rc4 Rd8 34.
Ke3 Ke6 35. Be2 Rd5 36. Bd3 Kf7 37. Rd4 Re5+ 38. Kd2 f5 39. Rd6 Ne4+ 40. Bxe4
Rxe4 41. Rxb6 Rxh4 42. g3 Rd4+ 43. Ke3 Rd5 44. Rb5 Ke6 45. Rxd5 Kxd5 46. c3 g5
47. b4 1-0

[Event "Landesklasse Ost 2012/2013"]
[Site "?"]
[Date "2013.04.21"]
[Round "9"]
[White "Prütting, Marcus"]
[Black "Kupper, Matthias"]
[Result "0-1"]
[WhiteElo "1272"]
[BlackElo "1772"]
[PlyCount "76"]
[EventDate "2013.??.??"]
[WhiteTeam "TSV Zeulenroda"]
[BlackTeam "ESV Gera"]

1. e4 c5 2. Nf3 Nc6 3. d4 cxd4 4. Nxd4 Nf6 5. Nc3 d6 6. Bb5 Bd7 7. O-O e5 8.
Nf3 Be7 9. Be3 O-O 10. h3 Ne8 11. Nd5 f5 12. exf5 Bxf5 13. Bc4 Kh8 14. Nxe7
Qxe7 15. Bg5 Qd7 16. Re1 h6 17. Bh4 Rc8 18. Bb3 g5 19. Bg3 g4 20. hxg4 Bxg4 21.
Qd2 Qg7 22. Nh2 Bf5 23. c3 Ne7 24. Bc2 Ng6 25. Bxf5 Rxf5 26. Ng4 Rg5 27. Ne3 h5
28. Bh2 h4 29. g3 Nf4 30. Kh1 hxg3 31. fxg3 Nh3 32. Rf1 Rc7 33. Rf3 Qh7 34. Nd5
Rcg7 35. Raf1 Rh5 36. Nf6 Nxf6 37. Rxf6 Ng5 38. R1f2 Ne4 0-1

[Event "Landesklasse West 2012/2013"]
[Site "?"]
[Date "2012.09.23"]
[Round "1"]
[White "Recknagel, Michael"]
[Black "Hocke, Sebastian"]
[Result "1-0"]
[WhiteElo "2179"]
[BlackElo "1909"]
[PlyCount "71"]
[EventDate "2012.??.??"]
[WhiteTeam "SC Suhl"]
[BlackTeam "ESV Lok Meiningen"]

1. e4 c5 2. b3 e5 3. Bb2 Nc6 4. Nc3 Nf6 5. Bc4 d6 6. Nge2 Be7 7. O-O O-O 8. Ng3
Bg4 9. f3 Be6 10. f4 a6 11. a4 Bg4 12. Qe1 Nd4 13. Bd3 c4 14. bxc4 Qb6 15. Qe3
Qxb2 16. Rfb1 Nxc2 17. Qf2 Qxa1 18. Rxa1 Nxa1 19. Qb6 Nd7 20. Qb1 Nc5 21. Nd5
Bd8 22. f5 h5 23. Nh1 Nab3 24. h3 Bxh3 25. gxh3 Bg5 26. Nf2 Nxd2 27. Qd1 Nxd3
28. Nxd3 Nxe4 29. Qxh5 Bd8 30. N3b4 a5 31. Nc2 Rc8 32. Nce3 f6 33. Ng4 Rf7 34.
Qg6 Kf8 35. Qh7 Ke8 36. Qg8+ 1-0

[Event "Landesklasse West 2012/2013"]
[Site "?"]
[Date "2012.09.23"]
[Round "1"]
[White "Feld-Gerdes, Wolfgang"]
[Black "Grube, Jan"]
[Result "0-1"]
[WhiteElo "2009"]
[BlackElo "1791"]
[PlyCount "108"]
[EventDate "2012.??.??"]
[WhiteTeam "SC Suhl"]
[BlackTeam "ESV Lok Meiningen"]

1. e4 c5 2. Nc3 Nc6 3. f4 e6 4. Bb5 Nge7 5. Nf3 d5 6. e5 a6 7. Bxc6+ Nxc6 8.
O-O Bd7 9. f5 d4 10. fxe6 Bxe6 11. Ne4 Qd5 12. d3 Nxe5 13. Nxe5 Qxe5 14. Ng5
Qd5 15. Nxe6 fxe6 16. Qg4 O-O-O 17. Bg5 h5 18. Qh4 Rd7 19. Rf3 Bd6 20. c4 dxc3
21. bxc3 Bc7 22. Raf1 Bd8 23. Bxd8 Rhxd8 24. Qf2 g5 25. Re3 Qc6 26. Qe2 g4 27.
Rxe6 Rd6 28. Rff6 Rxe6 29. Rxe6 Qb5 30. Re3 Qb1+ 31. Qf1 Qxa2 32. Qf5+ Kb8 33.
Qxc5 h4 34. d4 Qb1+ 35. Kf2 Qc2+ 36. Kf1 Qc1+ 37. Re1 Qd2 38. Qe5+ Ka8 39. Qe3
Rf8+ 40. Kg1 Qb2 41. d5 h3 42. Re2 Qb1+ 43. Re1 Qc2 44. Re2 Qd1+ 45. Re1 Qxd5
46. Qe4 Qd2 47. Re2 Qxc3 48. Qe3 Qf6 49. Re1 hxg2 50. Kxg2 Rh8 51. Re2 Qc6+ 52.
Kg1 Rd8 53. Qe7 Rd1+ 54. Kf2 Qf3# 0-1

[Event "Landesklasse West 2012/2013"]
[Site "?"]
[Date "2012.09.23"]
[Round "1"]
[White "Von Otte, Wilhelm"]
[Black "Berghof, Axel"]
[Result "1/2-1/2"]
[WhiteElo "1894"]
[BlackElo "2010"]
[PlyCount "28"]
[EventDate "2012.??.??"]
[WhiteTeam "ESV Lok Meiningen"]
[BlackTeam "SC Suhl"]

1. e4 d5 2. exd5 Qxd5 3. Nc3 Qa5 4. Bc4 Nf6 5. d3 c6 6. Bd2 Qc7 7. Nf3 Bg4 8.
Qe2 Nbd7 9. Ng5 Ne5 10. f3 Nxc4 11. dxc4 Bf5 12. O-O-O h6 13. g4 Bd7 14. Nge4
O-O-O 1/2-1/2

[Event "Landesklasse West 2012/2013"]
[Site "?"]
[Date "2012.09.23"]
[Round "1"]
[White "Koch, Stefan"]
[Black "Scheftlein, Richard"]
[Result "1/2-1/2"]
[WhiteElo "1868"]
[BlackElo "1827"]
[PlyCount "67"]
[EventDate "2012.??.??"]
[WhiteTeam "SC Suhl"]
[BlackTeam "ESV Lok Meiningen"]

1. e4 e6 2. d4 d5 3. exd5 exd5 4. Bd3 Bd6 5. c3 c6 6. h3 Ne7 7. Nf3 Bf5 8. O-O
O-O 9. Re1 Bxd3 10. Qxd3 Nd7 11. Be3 Ng6 12. Nbd2 h6 13. Nf1 Nf6 14. N3d2 Qd7
15. c4 dxc4 16. Qxc4 Rfe8 17. Rac1 Nd5 18. Nb3 Rab8 19. Nc5 Qd8 20. Qc2 Ngf4
21. Nd3 Nxd3 22. Qxd3 Qb6 23. b3 Bb4 24. Nd2 Bxd2 25. Bxd2 Qd8 26. Rxe8+ Qxe8
27. Qg3 Kh7 28. Re1 Qc8 29. Re4 Qc7 30. Qd3 f5 31. Re5 g6 32. Qg3 Rc8 33. Qh4
Qg7 34. Qg3 1/2-1/2

[Event "Landesklasse West 2012/2013"]
[Site "?"]
[Date "2012.09.23"]
[Round "1"]
[White "Weiß, Daniel"]
[Black "Fuhrmann, Christian"]
[Result "1-0"]
[WhiteElo "1785"]
[BlackElo "1797"]
[PlyCount "95"]
[EventDate "2012.??.??"]
[WhiteTeam "ESV Lok Meiningen"]
[BlackTeam "SC Suhl"]

1. e4 d6 2. d4 g6 3. g3 Bg7 4. Bg2 Nf6 5. Nc3 O-O 6. Nge2 e5 7. h3 Nbd7 8. Be3
c6 9. O-O Qe7 10. Qd2 exd4 11. Nxd4 Re8 12. Rad1 Nb6 13. b3 Bd7 14. Rfe1 Rad8
15. Bg5 Bc8 16. Qf4 Nbd7 17. a4 Qe5 18. Qd2 Qa5 19. Bf4 Ne5 20. Nd5 Qxd2 21.
Nxf6+ Bxf6 22. Rxd2 Bg7 23. Red1 Bf8 24. Kh2 Be7 25. Be3 f6 26. f4 Nf7 27. Bf2
Bf8 28. Ne2 Kg7 29. Nc3 c5 30. Nb5 Bd7 31. Nc7 Re7 32. Nd5 Ree8 33. Nc7 Re7 34.
Nd5 Ree8 35. Rd3 Bc6 36. Be1 Bxd5 37. Rxd5 Rc8 38. Bc3 c4 39. b4 Nd8 40. e5
dxe5 41. fxe5 f5 42. Rd7+ Be7 43. b5 Kf8 44. Bxb7 Nxb7 45. Rxb7 Red8 46. Rxd8+
Bxd8 47. Rxa7 Bc7 48. a5 1-0

[Event "Landesklasse West 2012/2013"]
[Site "?"]
[Date "2012.09.23"]
[Round "1"]
[White "Will, Ralph"]
[Black "Jörges, Frank"]
[Result "1-0"]
[WhiteElo "1747"]
[BlackElo "1763"]
[PlyCount "113"]
[EventDate "2012.??.??"]
[WhiteTeam "SC Suhl"]
[BlackTeam "ESV Lok Meiningen"]

1. d4 d5 2. c4 c6 3. cxd5 cxd5 4. Nf3 Nf6 5. g3 Nc6 6. Bg2 Bf5 7. a3 e6 8. O-O
Bd6 9. Nc3 h6 10. e3 O-O 11. b4 a6 12. Bb2 Ne4 13. Nd2 Nxc3 14. Bxc3 Qg5 15.
Qe2 Rfc8 16. Rfc1 Qg6 17. e4 dxe4 18. Nxe4 Bxe4 19. Bxe4 Qg5 20. Rd1 Re8 21.
Rac1 e5 22. d5 Nd4 23. Qd3 Nb5 24. Bd2 Qe7 25. Be3 Rec8 26. Bc5 g6 27. a4 Bxc5
28. bxc5 Nd4 29. d6 Qd7 30. f4 Ne6 31. fxe5 Nxc5 32. Qd4 Nxe4 33. Qxe4 Rc6 34.
Rc4 Rxc4 35. Qxc4 Rc8 36. Qd5 Rc2 37. e6 fxe6 38. Qd3 Qc6 39. Qxg6+ Kh8 40.
Qxh6+ Kg8 41. Qxe6+ Kh8 42. Qe5+ Kh7 43. Qd5 Qb6+ 44. Qd4 Qc6 45. Qd3+ Kh8 46.
Qd4+ Kh7 47. Rd2 Rc1+ 48. Kf2 Qh1 49. Qd3+ Kh8 50. Ke3 Re1+ 51. Kf4 Qc6 52. Rc2
Qe8 53. Qd4+ Kg8 54. Qd5+ Kh8 55. Rc7 Qf8+ 56. Kg4 Rf1 57. Qh5+ 1-0

[Event "Landesklasse West 2012/2013"]
[Site "?"]
[Date "2012.09.23"]
[Round "1"]
[White "Webel, Jannik"]
[Black "Müller, Bernd"]
[Result "1/2-1/2"]
[WhiteElo "1556"]
[BlackElo "1720"]
[PlyCount "67"]
[EventDate "2012.??.??"]
[WhiteTeam "ESV Lok Meiningen"]
[BlackTeam "SC Suhl"]

1. d4 f5 2. c4 Nf6 3. Nf3 e6 4. e3 Be7 5. b3 O-O 6. Bd3 c6 7. O-O d5 8. Ba3
Nbd7 9. Bxe7 Qxe7 10. Qc2 Ne4 11. Nfd2 Ndf6 12. f3 Nxd2 13. Qxd2 Bd7 14. Nc3 e5
15. Rae1 e4 16. fxe4 fxe4 17. Bc2 Qd6 18. c5 Qc7 19. h3 Qg3 20. Ne2 Qg5 21. Nf4
Qg3 22. Qf2 Qg5 23. Bd1 Rae8 24. Kh1 Re7 25. Rg1 Qh6 26. g4 g5 27. Qh2 Ref7 28.
Ne2 Ne8 29. Ng3 Rf2 30. Rg2 Qf6 31. Kg1 Rxg2+ 32. Qxg2 Qg6 33. Rf1 Rxf1+ 34.
Qxf1 1/2-1/2

[Event "Landesklasse West 2012/2013"]
[Site "?"]
[Date "2012.09.23"]
[Round "1"]
[White "Kachel, Alfred"]
[Black "Messerschmidt, Nick"]
[Result "1-0"]
[WhiteElo "1956"]
[BlackElo "1829"]
[PlyCount "93"]
[EventDate "2012.??.??"]
[WhiteTeam "Schachclub Rochade Leinefelde"]
[BlackTeam "SG Trusetal 92"]

1. d4 d5 2. c4 c6 3. Nc3 Nf6 4. Nf3 e6 5. cxd5 exd5 6. Bg5 Be7 7. e3 O-O 8. Qc2
h6 9. Bf4 Nbd7 10. h3 Ne4 11. Nxe4 dxe4 12. Qxe4 Bb4+ 13. Kd1 Nf6 14. Qc2 Nd5
15. Be5 Re8 16. Bc4 b5 17. Bb3 Bb7 18. Ke2 Rc8 19. a3 Ba5 20. Rhd1 f6 21. Bg3
Kh8 22. Qd3 Qd7 23. Bc2 g5 24. Kf1 Qg7 25. Rac1 Rg8 26. Bb3 Rgd8 27. Qf5 Bc7
28. Bxc7 Rxc7 29. Qd3 Rcd7 30. Bxd5 Rxd5 31. e4 R5d7 32. Rc5 a5 33. Qe3 Re7 34.
Qd3 Rde8 35. e5 b4 36. Qf5 Re6 37. Rxa5 bxa3 38. bxa3 Qc7 39. Rc5 Qd8 40. Rb1
Ba6+ 41. Kg1 fxe5 42. Nxe5 Qxd4 43. Rxc6 Rxc6 44. Nxc6 Qc3 45. Qg6 Re1+ 46.
Rxe1 Qxe1+ 47. Kh2 1-0

[Event "Landesklasse West 2012/2013"]
[Site "?"]
[Date "2012.09.23"]
[Round "1"]
[White "Messerschmidt, Daniel"]
[Black "Ziegenfuß, Holger"]
[Result "1/2-1/2"]
[WhiteElo "1784"]
[BlackElo "1907"]
[PlyCount "51"]
[EventDate "2012.??.??"]
[WhiteTeam "SG Trusetal 92"]
[BlackTeam "Schachclub Rochade Leinefelde"]

1. c4 Nf6 2. Nc3 g6 3. g3 Bg7 4. Bg2 O-O 5. e4 d6 6. Nf3 c5 7. O-O Nc6 8. d3
Ne8 9. Be3 Bg4 10. Qd2 Nc7 11. Bh6 Bxf3 12. Bxf3 Ne6 13. Bxg7 Kxg7 14. Bg2 Ned4
15. Ne2 Nxe2+ 16. Qxe2 Nd4 17. Qd2 e5 18. f4 f6 19. Rab1 a5 20. h4 h6 21. Bh3
Qe7 22. f5 g5 23. hxg5 hxg5 24. Kg2 Rh8 25. Rh1 b6 26. Bg4 1/2-1/2

[Event "Landesklasse West 2012/2013"]
[Site "?"]
[Date "2012.09.23"]
[Round "1"]
[White "Frank, Thomas"]
[Black "Willner, Holger"]
[Result "1-0"]
[WhiteElo "1907"]
[BlackElo "1838"]
[PlyCount "51"]
[EventDate "2012.??.??"]
[WhiteTeam "Schachclub Rochade Leinefelde"]
[BlackTeam "SG Trusetal 92"]

1. d4 d5 2. c4 e5 3. dxe5 d4 4. Nf3 Nc6 5. g3 Bg4 6. Bg2 Qd7 7. O-O O-O-O 8.
Qb3 Bxf3 9. Bxf3 h5 10. h4 Be7 11. Kg2 f6 12. exf6 gxf6 13. Qb5 f5 14. Bf4 Nf6
15. Nd2 Rhg8 16. Rh1 Qe6 17. Rad1 Rg4 18. Bxg4 Nxg4 19. Rhe1 Rg8 20. Nf3 Qg6
21. Nxd4 Nxd4 22. Rxd4 Bxh4 23. Qd7+ Kb8 24. Qxc7+ Ka8 25. Red1 Qf6 26. Qd6 1-0

[Event "Landesklasse West 2012/2013"]
[Site "?"]
[Date "2012.09.23"]
[Round "1"]
[White "Schley, Thomas"]
[Black "Pfitzenreuter, Gerald"]
[Result "1/2-1/2"]
[WhiteElo "1720"]
[BlackElo "1901"]
[PlyCount "46"]
[EventDate "2012.??.??"]
[WhiteTeam "SG Trusetal 92"]
[BlackTeam "Schachclub Rochade Leinefelde"]

1. d4 d5 2. Nf3 c6 3. g3 Nf6 4. Bg2 Bf5 5. Nbd2 h6 6. c3 Nbd7 7. O-O e6 8. Re1
Be7 9. Qb3 Qb6 10. Qxb6 axb6 11. a3 O-O 12. Nf1 Bd6 13. N3d2 e5 14. e4 dxe4 15.
dxe5 Nxe5 16. Nxe4 Nxe4 17. Bxe4 Bxe4 18. Rxe4 f5 19. Re2 Rae8 20. Kg2 Nc4 21.
Rxe8 Rxe8 22. Ne3 Nxe3+ 23. Bxe3 Bc5 1/2-1/2

[Event "Landesklasse West 2012/2013"]
[Site "?"]
[Date "2012.09.23"]
[Round "1"]
[White "Müller, Sebastian"]
[Black "Zentgraf, Torsten"]
[Result "1/2-1/2"]
[WhiteElo "1897"]
[BlackElo "1671"]
[PlyCount "83"]
[EventDate "2012.??.??"]
[WhiteTeam "Schachclub Rochade Leinefelde"]
[BlackTeam "SG Trusetal 92"]

1. e4 c6 2. d4 d5 3. Nc3 dxe4 4. Nxe4 Bf5 5. Ng3 Bg6 6. N1e2 e6 7. Nf4 Nf6 8.
h4 Qa5+ 9. c3 Bd6 10. h5 Bf5 11. Nxf5 Qxf5 12. Bd3 Qa5 13. h6 g6 14. Qb3 Qc7
15. g3 Nd5 16. Nxd5 cxd5 17. Be3 Nc6 18. O-O-O O-O-O 19. Kb1 Kb8 20. Bg5 Be7
21. Bxe7 Qxe7 22. f4 Qd6 23. Rdf1 f5 24. Rf3 Rd7 25. Re3 Re8 26. Rhe1 Rde7 27.
Qd1 a6 28. Qf3 Kc7 29. g4 b5 30. gxf5 exf5 31. Rxe7+ Rxe7 32. Rxe7+ Nxe7 33.
Qe3 Ng8 34. a4 bxa4 35. Qe8 Nxh6 36. Qxa4 Kb7 37. Qe8 Ka7 38. Qh8 Qd7 39. Qf6
Qb7 40. Qf8 Ng4 41. Qc5+ Kb8 42. Qd6+ 1/2-1/2

[Event "Landesklasse West 2012/2013"]
[Site "?"]
[Date "2012.09.23"]
[Round "1"]
[White "Voigt, Uwe"]
[Black "Petiko, Jakob"]
[Result "0-1"]
[WhiteElo "1514"]
[BlackElo "1899"]
[PlyCount "56"]
[EventDate "2012.??.??"]
[WhiteTeam "SG Trusetal 92"]
[BlackTeam "Schachclub Rochade Leinefelde"]

1. b4 Nf6 2. Bb2 d6 3. e3 c6 4. c4 e5 5. Nf3 Qc7 6. d4 e4 7. Nfd2 d5 8. c5 g6
9. Be2 Bg7 10. O-O O-O 11. Re1 Bf5 12. Nf1 h5 13. Nbd2 Nbd7 14. Ng3 Bg4 15.
Bxg4 Nxg4 16. Ndf1 f5 17. h3 Nxf2 18. Kxf2 f4 19. Nh1 fxe3+ 20. Kxe3 b6 21. Qb3
bxc5 22. bxc5 Nxc5 23. dxc5 Rab8 24. Qxb8 Bh6+ 25. Ke2 Qxb8 26. Bc3 Qb5+ 27.
Kd1 Qd3+ 28. Bd2 Rxf1 0-1

[Event "Landesklasse West 2012/2013"]
[Site "?"]
[Date "2012.09.23"]
[Round "1"]
[White "Dittrich, Frank"]
[Black "Wenzel, Erhard"]
[Result "1-0"]
[WhiteElo "1768"]
[BlackElo "1625"]
[PlyCount "73"]
[EventDate "2012.??.??"]
[WhiteTeam "Schachclub Rochade Leinefelde"]
[BlackTeam "SG Trusetal 92"]

1. e4 c5 2. d4 cxd4 3. Qxd4 Nc6 4. Qe3 g6 5. Nc3 d6 6. Bd2 Bh6 7. f4 e5 8. Qf2
Nf6 9. O-O-O Ng4 10. Qg3 O-O 11. h3 Nf6 12. f5 Bg7 13. Qf2 a6 14. g4 b5 15. Bg2
Bb7 16. Nge2 Rc8 17. Kb1 Qc7 18. g5 Nd7 19. Nd5 Qd8 20. f6 Bh8 21. h4 Re8 22.
h5 Nd4 23. hxg6 fxg6 24. f7+ Kg7 25. fxe8=Q Qxe8 26. Nxd4 Bxd5 27. exd5 exd4
28. Qh4 Nf8 29. Qh6+ Kg8 30. Bh3 Rc7 31. Rhe1 Be5 32. Qh4 Qf7 33. Qe4 Re7 34.
Rf1 Qg7 35. Be6+ Nxe6 36. dxe6 Rxe6 37. Qa8+ 1-0

[Event "Landesklasse West 2012/2013"]
[Site "?"]
[Date "2012.09.23"]
[Round "1"]
[White "Hepp, Ingolf"]
[Black "Stöber, Guido"]
[Result "1/2-1/2"]
[WhiteElo "1477"]
[BlackElo "1499"]
[PlyCount "30"]
[EventDate "2012.??.??"]
[WhiteTeam "SG Trusetal 92"]
[BlackTeam "Schachclub Rochade Leinefelde"]

1. e4 c5 2. Nf3 d6 3. Nc3 Nf6 4. Bc4 e6 5. O-O Be7 6. d4 cxd4 7. Nxd4 O-O 8.
Bb3 Bd7 9. Be3 Nc6 10. Re1 a6 11. a4 Rc8 12. f3 Ne5 13. Re2 Nc4 14. Bxc4 Rxc4
15. Rd2 Qc7 1/2-1/2

[Event "Landesklasse West 2012/2013"]
[Site "?"]
[Date "2012.09.23"]
[Round "1"]
[White "Geißhirt, Marco"]
[Black "Moise, Adrian"]
[Result "0-1"]
[WhiteElo "1882"]
[BlackElo "2169"]
[PlyCount "98"]
[EventDate "2012.??.??"]
[WhiteTeam "SG Barchfeld/Breitungen"]
[BlackTeam "SV Ammern"]

1. e4 c5 2. c3 g6 3. Nf3 Bg7 4. d4 cxd4 5. cxd4 d6 6. Be2 Bg4 7. Qa4+ Nd7 8.
Be3 Ngf6 9. Nc3 O-O 10. O-O a6 11. h3 Bxf3 12. Bxf3 b5 13. Qa3 Ne8 14. e5 Rb8
15. exd6 Nxd6 16. Qxa6 Nc4 17. Nxb5 Rb6 18. Qa4 Nxe3 19. fxe3 Qb8 20. Nc3 Nf6
21. b3 e5 22. dxe5 Qxe5 23. Qd4 Qb8 24. Rac1 Rd8 25. Qf4 Qa7 26. Na4 Rbd6 27.
Rf2 Ne8 28. Kh1 Rf6 29. Qg5 Qb8 30. e4 h6 31. Qa5 Qf4 32. Rcf1 Qb8 33. Nc3 Nc7
34. Nd5 Nxd5 35. exd5 Rd7 36. Rc2 Qg3 37. Qe1 Qb8 38. Qe2 Kh7 39. Rfc1 Qg3 40.
Qe4 h5 41. Rc8 Rf4 42. Qe2 Rf5 43. R8c4 Be5 44. Kg1 Qh2+ 45. Kf1 Rxd5 46. Qe4
Bb2 47. Re1 Rfe5 48. Qxd5 Qh1+ 49. Kf2 Qxe1# 0-1

[Event "Landesklasse West 2012/2013"]
[Site "?"]
[Date "2012.09.23"]
[Round "1"]
[White "Wegerich, Michael"]
[Black "Rommel, Uwe"]
[Result "1/2-1/2"]
[WhiteElo "2003"]
[BlackElo "1875"]
[PlyCount "52"]
[EventDate "2012.??.??"]
[WhiteTeam "SV Ammern"]
[BlackTeam "SG Barchfeld/Breitungen"]

1. e4 g6 2. d4 Bg7 3. c4 d6 4. Nf3 Nd7 5. Nc3 e5 6. Be3 Ngf6 7. h3 O-O 8. Bd3
c6 9. O-O Qe7 10. Qd2 exd4 11. Nxd4 Ne5 12. Be2 Rd8 13. Rad1 Ned7 14. f3 Nh5
15. Nb3 Ng3 16. Rfe1 Nxe2+ 17. Nxe2 Nf6 18. Qb4 Ne8 19. Qd2 Be6 20. Qc2 d5 21.
cxd5 cxd5 22. exd5 Bxd5 23. Nc3 Bxb3 24. Qxb3 Rxd1 25. Qxd1 Qh4 26. Bf2 Qb4
1/2-1/2

[Event "Landesklasse West 2012/2013"]
[Site "?"]
[Date "2012.09.23"]
[Round "1"]
[White "Reum, Lutz"]
[Black "Kampfhenkel, Ulrich"]
[Result "1/2-1/2"]
[WhiteElo "1855"]
[BlackElo "1986"]
[PlyCount "80"]
[EventDate "2012.??.??"]
[WhiteTeam "SG Barchfeld/Breitungen"]
[BlackTeam "SV Ammern"]

1. d4 Nf6 2. Nf3 g6 3. b3 Bg7 4. Bb2 O-O 5. Nbd2 d5 6. c4 c6 7. e3 Bf5 8. Rc1
Ne4 9. Nxe4 Bxe4 10. Nd2 c5 11. cxd5 Bxd5 12. Rxc5 Bc6 13. Nf3 Nd7 14. Rc2 Nf6
15. Bd3 Qd6 16. h3 a5 17. O-O a4 18. Qe2 axb3 19. axb3 Bd5 20. Bc4 Be4 21. Rcc1
Ra2 22. Ra1 Bxf3 23. gxf3 Rxa1 24. Rxa1 Qd7 25. Kg2 Qf5 26. Ra7 Qg5+ 27. Kh2
Rb8 28. b4 e6 29. Ra5 Qh4 30. Rb5 Bf8 31. Bc3 Bd6+ 32. Kg2 Nd5 33. Be1 Qg5+ 34.
Kh1 Qh5 35. f4 Qxh3+ 36. Kg1 Bxf4 37. Bxd5 Bh2+ 38. Kh1 Bc7+ 39. Kg1 Bh2+ 40.
Kh1 Bc7+ 1/2-1/2

[Event "Landesklasse West 2012/2013"]
[Site "?"]
[Date "2012.09.23"]
[Round "1"]
[White "Kurze, Christoph"]
[Black "Crivellaro, Heiko"]
[Result "1/2-1/2"]
[WhiteElo "1913"]
[BlackElo "1816"]
[PlyCount "92"]
[EventDate "2012.??.??"]
[WhiteTeam "SV Ammern"]
[BlackTeam "SG Barchfeld/Breitungen"]

1. e4 e5 2. Nf3 Nf6 3. Nxe5 d6 4. Nf3 Nxe4 5. d4 d5 6. Bd3 Bg4 7. O-O Bd6 8. c4
c6 9. Nc3 Nxc3 10. bxc3 Be7 11. Bf4 O-O 12. Rb1 b6 13. Qc2 Bxf3 14. Bxh7+ Kh8
15. gxf3 Bg5 16. Be5 Bf6 17. Bg3 g6 18. Bxg6 fxg6 19. Qxg6 Qe8 20. Qh6+ Kg8 21.
Rbe1 Qf7 22. cxd5 cxd5 23. Bd6 Rd8 24. Be5 Qg7+ 25. Qxg7+ Bxg7 26. f4 Nd7 27.
Re3 Kf7 28. Rg3 Bf6 29. Rb1 Rg8 30. Rb5 Nxe5 31. fxe5 Bh4 32. Rxg8 Rxg8+ 33.
Kf1 Ke6 34. Rb2 Kf5 35. Re2 Rc8 36. Re3 Kg4 37. Ke2 Rf8 38. h3+ Kg5 39. f3 Kf5
40. e6 Bf6 41. Kd3 b5 42. a4 a6 43. axb5 axb5 44. Re1 Re8 45. Rb1 Rb8 46. Re1
Re8 1/2-1/2

[Event "Landesklasse West 2012/2013"]
[Site "?"]
[Date "2012.09.23"]
[Round "1"]
[White "Heß, Wolfgang"]
[Black "Schorch, Rüdiger"]
[Result "1-0"]
[WhiteElo "1742"]
[BlackElo "1909"]
[PlyCount "79"]
[EventDate "2012.??.??"]
[WhiteTeam "SG Barchfeld/Breitungen"]
[BlackTeam "SV Ammern"]

1. e4 c5 2. Nf3 Nc6 3. d4 cxd4 4. Nxd4 Nf6 5. Nc3 g6 6. Be3 Bg7 7. Be2 O-O 8.
Qd2 d6 9. h3 Bd7 10. f4 a6 11. O-O b5 12. a3 Rc8 13. Nxc6 Bxc6 14. Bf3 Qc7 15.
Bd4 e5 16. fxe5 dxe5 17. Bf2 a5 18. Qe3 Qb7 19. b4 axb4 20. axb4 Ra8 21. Rfe1
Rfd8 22. Rxa8 Qxa8 23. Qc5 Nd7 24. Qe3 Bf8 25. Rb1 Rc8 26. Be2 Nf6 27. Bf3 Qb7
28. Bg3 Nd7 29. Bg4 Re8 30. Bf3 Nb6 31. Be2 Nc4 32. Bxc4 bxc4 33. b5 Bd7 34.
Nd5 Kg7 35. Qg5 Qa7+ 36. Kh2 Qd4 37. Qf6+ Kg8 38. Rf1 Bxb5 39. Qxf7+ Kh8 40.
Nf6 1-0

[Event "Landesklasse West 2012/2013"]
[Site "?"]
[Date "2012.09.23"]
[Round "1"]
[White "Salaske, Peter"]
[Black "Abe, Rico"]
[Result "1-0"]
[WhiteElo "1790"]
[BlackElo "1709"]
[PlyCount "43"]
[EventDate "2012.??.??"]
[WhiteTeam "SV Ammern"]
[BlackTeam "SG Barchfeld/Breitungen"]

1. d4 Nf6 2. Nf3 e6 3. e3 d5 4. Bd3 c5 5. b3 Nc6 6. Bb2 Qc7 7. O-O Bd6 8. Nbd2
Bd7 9. c4 cxd4 10. exd4 h6 11. Rc1 O-O 12. Qe2 Qd8 13. Ne5 Nb4 14. Bb1 dxc4 15.
Ndxc4 Bb5 16. Qf3 Bc6 17. Nxc6 Nxc6 18. d5 exd5 19. Bxf6 Bxh2+ 20. Kxh2 Qc7+
21. g3 dxc4 22. Qg4 1-0

[Event "Landesklasse West 2012/2013"]
[Site "?"]
[Date "2012.09.23"]
[Round "1"]
[White "Kleinsteuber, Erik"]
[Black "Breuer, Harald"]
[Result "0-1"]
[WhiteElo "1580"]
[BlackElo "1776"]
[PlyCount "80"]
[EventDate "2012.??.??"]
[WhiteTeam "SG Barchfeld/Breitungen"]
[BlackTeam "SV Ammern"]

1. Nf3 c5 2. g3 Nf6 3. Bg2 g6 4. O-O Bg7 5. e3 O-O 6. d4 cxd4 7. exd4 d6 8. Re1
Bg4 9. Qd3 Qd7 10. b3 Nc6 11. Ba3 Rac8 12. c3 Nd5 13. Nfd2 Bf5 14. Qb5 Nb6 15.
Bb2 Rfe8 16. Nc4 Nxc4 17. bxc4 a6 18. Qa4 Qc7 19. Na3 Na5 20. Bf1 e5 21. d5 e4
22. Qd1 Qc5 23. Qd2 Qc7 24. Rac1 b6 25. Qe3 Nb7 26. Rb1 Nc5 27. Bc1 Rb8 28. Bd2
Qd7 29. Be2 Bg4 30. Qf4 Bxe2 31. Rxe2 Be5 32. Qe3 Qa4 33. Bc1 Nd3 34. Qd2 Nc5
35. Rb4 Qd7 36. Qc2 Qg4 37. Be3 Bxc3 38. Qxc3 Qxe2 39. Bh6 Re5 40. Bf4 Nd3 0-1

[Event "Landesklasse West 2012/2013"]
[Site "?"]
[Date "2012.09.23"]
[Round "1"]
[White "Hentrich, Jörg"]
[Black "Theer, Tino"]
[Result "1-0"]
[WhiteElo "1755"]
[BlackElo "1688"]
[PlyCount "115"]
[EventDate "2012.??.??"]
[WhiteTeam "SV Ammern"]
[BlackTeam "SG Barchfeld/Breitungen"]

1. e4 b6 2. d4 Bb7 3. Nc3 Nf6 4. e5 Nd5 5. Bg5 h6 6. Bh4 g5 7. Bg3 e6 8. Nf3
Bb4 9. Qd2 Nxc3 10. bxc3 Be7 11. h3 c5 12. Be2 Na6 13. a4 cxd4 14. cxd4 Bb4 15.
c3 Ba5 16. O-O Nc7 17. Qc1 Nd5 18. c4 Rc8 19. Nd2 Nf4 20. Bxf4 gxf4 21. Nf3
Bxf3 22. Bxf3 Qh4 23. Rb1 Rg8 24. Kh2 f5 25. Rb2 Kf7 26. Rd1 Rc7 27. d5 Rgc8
28. Rd4 Rc5 29. Rc2 Qg5 30. Qxf4 Qxf4+ 31. Rxf4 Kg7 32. g4 fxg4 33. Rxg4+ Kf7
34. Rd4 a6 35. Bh5+ Kg7 36. dxe6 dxe6 37. f4 b5 38. Rg2+ Kf8 39. Rd7 R5c7 40.
Rxc7 Rxc7 41. cxb5 axb5 42. axb5 Rc4 43. Rg6 Bd2 44. Rf6+ Ke7 45. Kg3 Rc3+ 46.
Kg2 Rc2 47. Kf3 Rb2 48. Bg4 Rxb5 49. Rxe6+ Kf7 50. Rf6+ Kg7 51. Bh5 Bc3 52. Kg4
Rb7 53. Re6 Rb4 54. Re7+ Kf8 55. Rf7+ Kg8 56. e6 Rb5 57. e7 Rb8 58. Rf5 1-0

[Event "Landesklasse West 2012/2013"]
[Site "?"]
[Date "2012.09.23"]
[Round "1"]
[White "Essegern, Kurt"]
[Black "Gast, Rainer"]
[Result "1/2-1/2"]
[WhiteElo "1952"]
[BlackElo "1950"]
[PlyCount "44"]
[EventDate "2012.??.??"]
[WhiteTeam "Randspringer Bad Salzungen"]
[BlackTeam "SV Breitenworbis"]

1. e4 c6 2. d4 d5 3. Nc3 dxe4 4. Nxe4 Nd7 5. Bc4 Ngf6 6. Ng5 e6 7. Qe2 Nb6 8.
Bb3 h6 9. N5f3 a5 10. c3 a4 11. Bc2 Qc7 12. Ne5 c5 13. Ngf3 cxd4 14. Nxd4 Bd7
15. O-O Bd6 16. Nxd7 Bxh2+ 17. Kh1 Nbxd7 18. g3 Bxg3 19. fxg3 Qxg3 20. Bf4 Qh3+
21. Qh2 Qxh2+ 22. Bxh2 Nd5 1/2-1/2